[Event "AsianNationCup2018"]
[Site "Hamedan"]
[Date "2018.08.03"]
[Round "7.10"]
[White "Sasikiran, Krishnan"]
[Black "Javanbakht, Nima"]
[Result "1-0"]
[BlackElo "2439"]
[WhiteElo "2666"]
[LiveChessVersion "1.4.8"]

1. e4 {[%clk 1:28:52]} c5 {[%clk 1:30:39]} 2. Nf3 {[%clk 1:29:12]} Nc6
{[%clk 1:30:59]} 3. Nc3 {[%clk 1:29:31]} e5 {[%clk 1:31:26]} 4. Bc4
{[%clk 1:29:23]} Be7 {[%clk 1:31:17]} 5. d3 {[%clk 1:29:32]} d6 {[%clk 1:31:38]}
6. O-O {[%clk 1:29:35]} Nf6 {[%clk 1:32:05]} 7. Ng5 {[%clk 1:29:30]} O-O
{[%clk 1:32:31]} 8. f4 {[%clk 1:29:34]} Bg4 {[%clk 1:31:05]} 9. Qe1
{[%clk 1:27:49]} exf4 {[%clk 1:31:23]} 10. Bxf4 {[%clk 1:27:56]} Nd4
{[%clk 1:31:48]} 11. Qd2 {[%clk 1:27:48]} h6 {[%clk 1:32:13]} 12. Nf3
{[%clk 1:27:51]} Nxf3+ {[%clk 1:32:30]} 13. gxf3 {[%clk 1:28:09]} Bh3
{[%clk 1:32:57]} 14. Kh1 {[%clk 1:27:52]} Bxf1 {[%clk 1:24:33]} 15. Rxf1
{[%clk 1:27:47]} Kh7 {[%clk 1:24:43]} 16. Qg2 {[%clk 1:27:33]} a6
{[%clk 1:08:11]} 17. Rg1 {[%clk 1:16:14]} Ne8 {[%clk 1:05:11]} 18. Qh3
{[%clk 1:08:27]} Bf6 {[%clk 0:43:06]} 19. Nd5 {[%clk 1:00:55]} b5
{[%clk 0:39:40]} 20. Bb3 {[%clk 0:57:29]} Ra7 {[%clk 0:29:54]} 21. c3
{[%clk 0:55:19]} Be5 {[%clk 0:28:18]} 22. Be3 {[%clk 0:52:08]} Qd7
{[%clk 0:12:21]} 23. Qh5 {[%clk 0:43:35]} Rh8 {[%clk 0:12:21]} 24. f4
{[%clk 0:41:31]} Nf6 {[%clk 0:09:21]} 25. Qf3 {[%clk 0:37:39]} Nxd5
{[%clk 0:09:46]} 26. Bxd5 {[%clk 0:37:27]} Bf6 {[%clk 0:10:15]} 27. d4
{[%clk 0:36:28]} cxd4 {[%clk 0:08:54]} 28. cxd4 {[%clk 0:36:46]} Rd8
{[%clk 0:09:07]} 29. e5 {[%clk 0:32:29]} dxe5 {[%clk 0:09:01]} 30. Be4+
{[%clk 0:31:27]} Kg8 {[%clk 0:09:10]} 31. dxe5 {[%clk 0:29:55]} Be7
{[%clk 0:09:35]} 32. Qg2 {[%clk 0:22:51]} Bf8 {[%clk 0:09:21]} 33. f5
{[%clk 0:23:00]} Rc7 {[%clk 0:03:38]} 34. Bxh6 {[%clk 0:21:25]} f6
{[%clk 0:03:14]} 35. exf6 {[%clk 0:20:55]} Qd1 {[%clk 0:03:32]} 36. Be3
{[%clk 0:18:58]} Qd6 {[%clk 0:02:08]} 37. Bg5 {[%clk 0:19:01]} Rf7
{[%clk 0:00:32]} 38. fxg7 {[%clk 0:18:44]} Be7 {[%clk 0:00:58]} 39. f6
{[%clk 0:18:03]} Bxf6 {[%clk 0:01:01]} 40. Bh7+ {[%clk 0:16:19]} 1-0

[Event "AsianNationCup2018"]
[Site "Hamedan"]
[Date "2018.08.03"]
[Round "7.11"]
[White "Korevand, Sina"]
[Black "Ganguly, Surya Shekhar"]
[Result "0-1"]
[BlackElo "2652"]
[WhiteElo "2187"]
[LiveChessVersion "1.4.8"]

1. d4 {[%clk 1:25:37]} Nf6 {[%clk 1:30:31]} 2. Bf4 {[%clk 1:25:34]} d5
{[%clk 1:30:30]} 3. e3 {[%clk 1:25:15]} c5 {[%clk 1:30:53]} 4. Nf3
{[%clk 1:23:03]} Nc6 {[%clk 1:31:17]} 5. Nc3 {[%clk 1:18:09]} Bg4
{[%clk 1:13:10]} 6. dxc5 {[%clk 1:03:51]} e6 {[%clk 0:59:05]} 7. Nb5
{[%clk 0:47:05]} e5 {[%clk 0:58:54]} 8. Bg5 {[%clk 0:47:26]} e4 {[%clk 0:59:15]}
9. Bxf6 {[%clk 0:46:07]} gxf6 {[%clk 0:59:35]} 10. h3 {[%clk 0:45:58]} exf3
{[%clk 0:58:08]} 11. hxg4 {[%clk 0:46:16]} Qa5+ {[%clk 0:58:34]} 12. Nc3
{[%clk 0:43:58]} d4 {[%clk 0:50:50]} 13. exd4 {[%clk 0:41:30]} O-O-O
{[%clk 0:51:12]} 14. gxf3 {[%clk 0:33:49]} Bxc5 {[%clk 0:48:34]} 15. Bd3
{[%clk 0:29:46]} Bxd4 {[%clk 0:48:25]} 16. Rh5 {[%clk 0:24:19]} Qb6
{[%clk 0:30:50]} 17. Kf1 {[%clk 0:17:44]} Ne5 {[%clk 0:29:45]} 18. Ne4
{[%clk 0:14:01]} Qxb2 {[%clk 0:28:48]} 19. Rb1 {[%clk 0:10:20]} Qxa2
{[%clk 0:29:12]} 20. Rb3 {[%clk 0:06:55]} Kb8 {[%clk 0:26:09]} 21. f4
{[%clk 0:06:03]} Nxd3 {[%clk 0:24:21]} 22. Rxd3 {[%clk 0:05:26]} Qc4
{[%clk 0:24:04]} 23. Kg2 {[%clk 0:02:36]} Bb6 {[%clk 0:23:02]} 24. Nd6
{[%clk 0:01:20]} Qc6+ {[%clk 0:21:46]} 25. Kg3 {[%clk 0:00:39]} Rd7
{[%clk 0:21:23]} 26. Qh1 {[%clk 0:00:31]} Rxd6 {[%clk 0:21:30]} 0-1

[Event "AsianNationCup2018"]
[Site "Hamedan"]
[Date "2018.08.03"]
[Round "7.16"]
[White "Dao, Thien Hai"]
[Black "Mousavi, Seyed Khalil"]
[Result "1/2-1/2"]
[BlackElo "2447"]
[WhiteElo "2476"]
[LiveChessVersion "1.4.8"]

1. d4 {[%clk 1:28:57]} d5 {[%clk 1:30:45]} 2. c4 {[%clk 1:27:18]} e6
{[%clk 1:31:07]} 3. Nc3 {[%clk 1:27:39]} a6 {[%clk 1:31:30]} 4. cxd5
{[%clk 1:28:01]} exd5 {[%clk 1:31:55]} 5. Nf3 {[%clk 1:28:14]} Nf6
{[%clk 1:32:19]} 6. Bg5 {[%clk 1:28:10]} Be6 {[%clk 1:32:42]} 7. e3
{[%clk 1:28:04]} Nbd7 {[%clk 1:33:05]} 8. Bd3 {[%clk 1:27:57]} h6
{[%clk 1:33:30]} 9. Bh4 {[%clk 1:27:55]} g5 {[%clk 1:33:54]} 10. Bg3
{[%clk 1:28:19]} Nh5 {[%clk 1:34:20]} 11. Rc1 {[%clk 1:28:05]} c6
{[%clk 1:34:42]} 1/2-1/2

[Event "AsianNationCupW-Standard"]
[Site "Hamedan 2018"]
[Date "2018.07.29"]
[Round "2.2"]
[White "Vaishali, R"]
[Black "Shen, Yang"]
[Result "0-1"]
[BlackElo "2462"]
[WhiteElo "2337"]
[LiveChessVersion "1.4.8"]

1. e4 e5 2. Nf3 Nc6 3. Bb5 Nf6 4. d3 Bc5 5. Bxc6 dxc6 6. Qe2 Qe7 {[%clk 1:30:15]}
7. Nbd2 {[%clk 1:32:26]} O-O {[%clk 1:23:30]} 8. Nc4 {[%clk 1:24:05]} Nd7
{[%clk 1:23:17]} 9. O-O {[%clk 1:18:06]} Re8 {[%clk 1:22:04]} 10. a4
{[%clk 1:15:43]} f6 {[%clk 1:19:31]} 11. Nh4 {[%clk 1:07:45]} Nf8
{[%clk 1:19:44]} 12. Kh1 {[%clk 1:06:53]} Be6 {[%clk 1:16:40]} 13. Ne3
{[%clk 1:02:55]} Qd7 {[%clk 1:16:32]} 14. Bd2 {[%clk 0:58:28]} a6
{[%clk 1:14:19]} 15. g3 {[%clk 0:51:21]} Ng6 {[%clk 1:09:58]} 16. Nhf5
{[%clk 0:49:50]} Ne7 {[%clk 1:07:53]} 17. g4 {[%clk 0:34:26]} Bd4
{[%clk 1:04:34]} 18. Bc3 {[%clk 0:30:22]} c5 {[%clk 0:59:50]} 19. Nxe7+
{[%clk 0:19:40]} Rxe7 {[%clk 0:59:50]} 20. f4 {[%clk 0:19:07]} exf4
{[%clk 0:58:24]} 21. Rxf4 {[%clk 0:18:29]} c4 {[%clk 0:57:26]} 22. Rg1
{[%clk 0:10:29]} cxd3 {[%clk 0:53:30]} 23. cxd3 {[%clk 0:10:46]} Rd8
{[%clk 0:52:26]} 24. g5 {[%clk 0:05:41]} fxg5 {[%clk 0:49:55]} 25. Rxg5
{[%clk 0:06:03]} h6 {[%clk 0:45:30]} 26. Rg3 {[%clk 0:04:22]} Bxc3
{[%clk 0:43:29]} 27. bxc3 {[%clk 0:04:50]} Qxd3 {[%clk 0:42:34]} 28. Qh5
{[%clk 0:04:59]} Qd2 {[%clk 0:41:08]} 29. Rf1 {[%clk 0:01:55]} Rf8
{[%clk 0:34:55]} 30. Rfg1 {[%clk 0:01:36]} Kh7 {[%clk 0:31:35]} 31. Qe5
{[%clk 0:01:24]} Qd7 {[%clk 0:31:24]} 32. Qc5 {[%clk 0:00:41]} Rff7
{[%clk 0:29:59]} 33. Rg6 {[%clk 0:00:46]} Qxa4 {[%clk 0:27:09]} 34. c4
{[%clk 0:00:52]} Qb3 {[%clk 0:25:54]} 35. R1g3 {[%clk 0:00:35]} Qb1+
{[%clk 0:25:40]} 0-1

[Event "AsianNationCupW-Standard"]
[Site "Hamedan 2018"]
[Date "2018.07.29"]
[Round "2.5"]
[White "Hoang, Thi Bao Tram"]
[Black "Saduakassova, Dinara"]
[Result "1/2-1/2"]
[BlackElo "2489"]
[WhiteElo "2364"]
[LiveChessVersion "1.4.8"]

1. d4 Nf6 2. c4 e6 3. Nc3 Bb4 4. e3 O-O {[%clk 1:31:11]} 5. Nge2 {[%clk 1:27:18]}
c6 {[%clk 1:30:08]} 6. a3 {[%clk 1:25:43]} Ba5 {[%clk 1:30:11]} 7. Qc2
{[%clk 1:24:32]} d5 {[%clk 1:28:01]} 8. g3 {[%clk 1:19:54]} Nbd7 {[%clk 1:18:55]}
9. cxd5 {[%clk 1:16:31]} exd5 {[%clk 1:10:16]} 10. Bg2 {[%clk 1:16:31]} Re8
{[%clk 1:08:12]} 11. O-O {[%clk 1:16:30]} Nf8 {[%clk 1:08:30]} 12. b4
{[%clk 1:11:11]} Bb6 {[%clk 1:05:06]} 13. Nf4 {[%clk 1:02:08]} Ng6
{[%clk 1:04:26]} 14. Nce2 {[%clk 0:57:31]} Ne4 {[%clk 1:01:31]} 15. Bb2
{[%clk 0:49:55]} Nd6 {[%clk 0:55:38]} 16. Rfe1 {[%clk 0:43:51]} Bf5
{[%clk 0:54:06]} 17. Qb3 {[%clk 0:43:54]} Be4 {[%clk 0:50:33]} 18. Rad1
{[%clk 0:34:52]} Bxg2 {[%clk 0:44:34]} 19. Kxg2 {[%clk 0:34:40]} Qg5
{[%clk 0:44:24]} 20. Nxg6 {[%clk 0:33:06]} hxg6 {[%clk 0:36:37]} 21. Bc1
{[%clk 0:31:31]} Qf6 {[%clk 0:35:48]} 22. h4 {[%clk 0:30:17]} Ne4
{[%clk 0:34:57]} 23. Nf4 {[%clk 0:29:53]} Bc7 {[%clk 0:33:01]} 24. Qc2
{[%clk 0:30:02]} Qf5 {[%clk 0:30:19]} 25. Qd3 {[%clk 0:28:25]} Bxf4
{[%clk 0:28:38]} 26. exf4 {[%clk 0:28:19]} Nd6 {[%clk 0:28:34]} 27. Qxf5
{[%clk 0:28:20]} Nxf5 {[%clk 0:28:02]} 28. Rxe8+ {[%clk 0:28:26]} Rxe8
{[%clk 0:28:29]} 29. Kf3 {[%clk 0:28:25]} Nd6 {[%clk 0:27:43]} 30. Be3
{[%clk 0:27:04]} Kf8 {[%clk 0:27:25]} 31. Rc1 {[%clk 0:21:07]} Ke7
{[%clk 0:27:01]} 32. Kg4 {[%clk 0:19:19]} Kd7 {[%clk 0:25:38]} 33. Kf3
{[%clk 0:17:56]} Ra8 {[%clk 0:23:38]} 34. Ke2 {[%clk 0:14:20]} a5
{[%clk 0:21:20]} 35. Bd2 {[%clk 0:13:58]} Re8+ {[%clk 0:16:47]} 36. Kd3
{[%clk 0:14:09]} Ne4 {[%clk 0:16:17]} 37. bxa5 {[%clk 0:09:25]} Nxf2+
{[%clk 0:16:39]} 38. Kc2 {[%clk 0:09:25]} Ne4 {[%clk 0:15:29]} 39. Rb1
{[%clk 0:05:12]} Nd6 {[%clk 0:09:41]} 40. Kd3 {[%clk 0:03:37]} Kc7
{[%clk 0:08:27]} 41. Re1 {[%clk 0:02:10]} Ne4 {[%clk 0:04:02]} 42. f5
{[%clk 0:28:56]} gxf5 {[%clk 0:21:12]} 43. Bf4+ {[%clk 0:29:03]} Kc8
{[%clk 0:21:38]} 44. Rb1 {[%clk 0:28:31]} Re6 {[%clk 0:17:42]} 45. a6
{[%clk 0:25:29]} bxa6 {[%clk 0:17:50]} 46. Rb8+ {[%clk 0:25:51]} Kd7
{[%clk 0:18:19]} 47. Rb7+ {[%clk 0:23:48]} Ke8 {[%clk 0:18:44]} 48. Rb8+
{[%clk 0:19:28]} Ke7 {[%clk 0:19:04]} 49. Ra8 {[%clk 0:17:46]} c5
{[%clk 0:13:25]} 50. dxc5 {[%clk 0:15:18]} Nxc5+ {[%clk 0:13:50]} 51. Kd4
{[%clk 0:15:33]} Ne4 {[%clk 0:11:35]} 52. Kxd5 {[%clk 0:15:51]} Nc3+
{[%clk 0:11:46]} 53. Kc5 {[%clk 0:13:55]} Na4+ {[%clk 0:08:50]} 54. Kb4
{[%clk 0:12:46]} Re4+ {[%clk 0:06:34]} 55. Ka5 {[%clk 0:12:05]} Nc5
{[%clk 0:06:59]} 56. Kb6 {[%clk 0:09:28]} Nd3 {[%clk 0:04:14]} 57. Bc7
{[%clk 0:06:32]} Re6+ {[%clk 0:04:21]} 58. Ka5 {[%clk 0:06:30]} Ne5
{[%clk 0:03:12]} 59. Bd8+ {[%clk 0:05:44]} Kd7 {[%clk 0:03:33]} 60. Bg5
{[%clk 0:06:02]} Rc6 {[%clk 0:01:24]} 61. Bf4 {[%clk 0:05:11]} Nc4+
{[%clk 0:01:33]} 62. Kb4 {[%clk 0:05:24]} Nb2 {[%clk 0:00:52]} 63. Bg5
{[%clk 0:03:43]} f6 {[%clk 0:01:07]} 64. Be3 {[%clk 0:03:13]} Nd3+
{[%clk 0:01:15]} 65. Kb3 {[%clk 0:02:07]} Ke6 {[%clk 0:01:09]} 66. h5
{[%clk 0:02:28]} Kf7 {[%clk 0:00:43]} 67. Ra7+ {[%clk 0:00:52]} Kg8
{[%clk 0:01:09]} 68. h6 {[%clk 0:00:53]} gxh6 {[%clk 0:01:24]} 69. Bxh6
{[%clk 0:01:18]} Nc5+ {[%clk 0:01:27]} 70. Kb4 {[%clk 0:01:28]} Ne4
{[%clk 0:01:40]} 71. Bf4 {[%clk 0:01:36]} Nc3 {[%clk 0:01:22]} 72. Ka5
{[%clk 0:01:13]} Nd5 {[%clk 0:00:52]} 73. Rxa6 {[%clk 0:01:13]} Rc5+
{[%clk 0:01:14]} 74. Ka4 {[%clk 0:01:35]} Nxf4 {[%clk 0:01:11]} 75. gxf4
{[%clk 0:01:58]} Rc4+ {[%clk 0:01:40]} 1/2-1/2

[Event "AsianNationCupW-Standard"]
[Site "Hamedan 2018"]
[Date "2018.07.29"]
[Round "2.6"]
[White "Abdumalik, Zhansaya"]
[Black "Pham, Le Thao Nguyen"]
[Result "1/2-1/2"]
[BlackElo "2334"]
[WhiteElo "2488"]
[LiveChessVersion "1.4.8"]

1. e4 {[%clk 1:30:57]} e5 {[%clk 1:28:47]} 2. Nf3 {[%clk 1:30:57]} Nc6
{[%clk 1:28:47]} 3. Bb5 {[%clk 1:30:57]} Nf6 {[%clk 1:28:47]} 4. d3
{[%clk 1:30:57]} Bc5 5. c3 d6 {[%clk 1:28:47]} 6. O-O {[%clk 1:31:42]} Bd7
{[%clk 1:28:06]} 7. h3 {[%clk 1:30:48]} a6 {[%clk 1:25:17]} 8. Ba4
{[%clk 1:30:09]} O-O {[%clk 1:25:06]} 9. Re1 {[%clk 1:29:39]} Ba7
{[%clk 1:21:52]} 10. Nbd2 {[%clk 1:26:15]} Ne7 {[%clk 1:12:11]} 11. Bc2
{[%clk 1:23:14]} Ng6 {[%clk 1:10:05]} 12. Nf1 {[%clk 1:21:49]} Re8
{[%clk 1:08:16]} 13. Ng3 {[%clk 1:17:02]} h6 {[%clk 1:05:17]} 14. d4
{[%clk 1:15:09]} c5 {[%clk 0:58:03]} 15. dxe5 {[%clk 1:05:13]} dxe5
{[%clk 0:57:20]} 16. Nf5 {[%clk 0:59:27]} Be6 {[%clk 0:55:33]} 17. Be3
{[%clk 0:52:00]} c4 {[%clk 0:53:32]} 18. Bxa7 {[%clk 0:44:11]} Rxa7
{[%clk 0:50:43]} 19. Qc1 {[%clk 0:36:18]} Qc7 {[%clk 0:47:58]} 20. a4
{[%clk 0:33:17]} a5 {[%clk 0:43:22]} 21. g3 {[%clk 0:26:32]} Raa8
{[%clk 0:41:36]} 22. Qe3 {[%clk 0:25:50]} Red8 {[%clk 0:35:27]} 23. Red1
{[%clk 0:22:41]} b6 {[%clk 0:29:00]} 24. Kg2 {[%clk 0:21:26]} Nd7
{[%clk 0:25:31]} 25. Qe2 {[%clk 0:16:48]} Nf6 {[%clk 0:19:39]} 26. Nh2
{[%clk 0:15:39]} Rxd1 {[%clk 0:16:46]} 27. Rxd1 {[%clk 0:15:41]} Rd8
{[%clk 0:16:47]} 28. Rxd8+ {[%clk 0:12:58]} Qxd8 {[%clk 0:17:07]} 29. Nf3
{[%clk 0:12:43]} Qc7 {[%clk 0:15:05]} 30. h4 {[%clk 0:09:03]} Kf8
{[%clk 0:09:57]} 31. Nd2 {[%clk 0:07:13]} Ne8 {[%clk 0:09:25]} 32. Ne3
{[%clk 0:06:35]} Nd6 {[%clk 0:09:23]} 33. h5 {[%clk 0:04:15]} Ne7
{[%clk 0:09:14]} 34. f4 {[%clk 0:03:50]} f6 {[%clk 0:08:13]} 35. Qf2
{[%clk 0:03:53]} Qc5 {[%clk 0:07:41]} 36. Nd1 {[%clk 0:03:26]} Qxf2+
{[%clk 0:06:35]} 37. Nxf2 {[%clk 0:03:18]} Nc6 {[%clk 0:04:13]} 38. Nd1
{[%clk 0:02:51]} Ke7 {[%clk 0:02:40]} 39. Ne3 {[%clk 0:02:43]} Nd8
{[%clk 0:02:43]} 40. Nf3 {[%clk 0:02:22]} Nc6 {[%clk 0:02:33]} 41. Nd5+
{[%clk 0:28:37]} Kd8 {[%clk 0:30:49]} 42. fxe5 {[%clk 0:20:28]} Nxe5
{[%clk 0:24:23]} 43. Nf4 {[%clk 0:20:16]} Nxf3 {[%clk 0:21:24]} 44. Kxf3
{[%clk 0:20:16]} Kd7 {[%clk 0:20:46]} 45. Ke3 {[%clk 0:19:28]} Nf7
{[%clk 0:11:50]} 46. Bd1 {[%clk 0:12:08]} Ne5 {[%clk 0:11:09]} 47. Be2
{[%clk 0:12:30]} Bf7 {[%clk 0:09:00]} 48. Nd5 {[%clk 0:11:34]} Kd6
{[%clk 0:03:18]} 49. Kd4 {[%clk 0:06:10]} Be6 {[%clk 0:01:58]} 50. Nxb6
{[%clk 0:04:43]} Nc6+ {[%clk 0:02:05]} 51. Ke3 {[%clk 0:05:12]} Kc5
{[%clk 0:02:15]} 52. Nd5 {[%clk 0:04:55]} Ne5 {[%clk 0:01:24]} 53. Nf4
{[%clk 0:04:15]} Bd7 {[%clk 0:01:45]} 54. Bd1 {[%clk 0:04:15]} Ng4+
{[%clk 0:01:31]} 55. Ke2 {[%clk 0:03:22]} Ne5 {[%clk 0:01:37]} 56. Kd2
{[%clk 0:02:55]} Bc8 {[%clk 0:01:07]} 57. Be2 {[%clk 0:01:41]} Bd7
{[%clk 0:01:31]} 58. Bd1 {[%clk 0:02:08]} Bc8 {[%clk 0:01:58]} 59. b3
{[%clk 0:01:27]} Bd7 {[%clk 0:02:02]} 60. Ng2 {[%clk 0:00:50]} Be8
{[%clk 0:01:45]} 61. Ne3 {[%clk 0:01:01]} cxb3 {[%clk 0:01:56]} 62. Bxb3
{[%clk 0:01:02]} Bxh5 {[%clk 0:02:03]} 63. Nf5 {[%clk 0:01:23]} Bg6
{[%clk 0:01:32]} 64. Nxg7 {[%clk 0:00:53]} Bxe4 {[%clk 0:01:57]} 65. Ne6+
{[%clk 0:01:13]} Kd6 {[%clk 0:02:13]} 66. Nd4 {[%clk 0:00:55]} Nd7
{[%clk 0:01:08]} 67. Bc4 {[%clk 0:00:43]} Nc5 {[%clk 0:01:08]} 68. Bb5
{[%clk 0:00:54]} Ke5 {[%clk 0:01:06]} 69. Ke3 {[%clk 0:01:10]} 1/2-1/2

[Event "AsianNationCupW-Standard"]
[Site "Hamedan 2018"]
[Date "2018.07.30"]
[Round "3.1"]
[White "Khademalsharieh, Sarasadat"]
[Black "Hoang, Thi Bao Tram"]
[Result "1-0"]
[BlackElo "2364"]
[WhiteElo "2408"]
[LiveChessVersion "1.4.8"]

1. d4 {[%clk 1:30:51]} d5 {[%clk 1:29:53]} 2. c4 {[%clk 1:31:17]} c6
{[%clk 1:29:55]} 3. Nf3 {[%clk 1:31:05]} Nf6 {[%clk 1:30:03]} 4. e3
{[%clk 1:31:29]} Bf5 {[%clk 1:28:38]} 5. Nc3 {[%clk 1:31:51]} e6 {[%clk 1:28:38]}
6. Nh4 {[%clk 1:31:53]} Be4 {[%clk 1:25:50]} 7. f3 {[%clk 1:32:10]} Bg6
{[%clk 1:25:59]} 8. Qb3 {[%clk 1:32:31]} Qc7 {[%clk 1:25:52]} 9. Bd2
{[%clk 1:32:37]} Be7 {[%clk 1:24:43]} 10. Nxg6 {[%clk 1:30:10]} hxg6
{[%clk 1:25:00]} 11. cxd5 Nxd5 12. O-O-O {[%clk 1:21:21]} Nd7 {[%clk 1:17:34]}
13. Nxd5 {[%clk 1:18:52]} exd5 {[%clk 1:04:05]} 14. Kb1 {[%clk 1:17:55]} O-O-O
15. Rc1 {[%clk 1:15:02]} Kb8 16. h3 {[%clk 1:04:09]} Rhe8 {[%clk 0:57:15]} 17.
Be2 {[%clk 0:58:23]} Bf6 {[%clk 0:52:12]} 18. Rc2 {[%clk 0:47:19]} Nb6
{[%clk 0:46:50]} 19. Rd1 {[%clk 0:42:08]} Re6 {[%clk 0:40:01]} 20. a4
{[%clk 0:40:43]} Rde8 {[%clk 0:37:46]} 21. a5 {[%clk 0:38:35]} Nc8
{[%clk 0:36:19]} 22. Rdc1 {[%clk 0:34:24]} Qd7 {[%clk 0:34:05]} 23. Bf1
{[%clk 0:29:02]} Ka8 {[%clk 0:32:17]} 24. e4 {[%clk 0:21:04]} Ne7
{[%clk 0:29:29]} 25. e5 {[%clk 0:19:35]} Bh4 {[%clk 0:29:21]} 26. g4
{[%clk 0:14:13]} g5 {[%clk 0:22:38]} 27. Bd3 {[%clk 0:13:02]} Rh6
{[%clk 0:20:45]} 28. a6 {[%clk 0:12:10]} Rb8 {[%clk 0:16:32]} 29. Bb4
{[%clk 0:09:48]} bxa6 {[%clk 0:14:17]} 30. Qa3 {[%clk 0:10:00]} Nc8
{[%clk 0:14:38]} 31. Bf8 {[%clk 0:07:03]} Nb6 {[%clk 0:09:33]} 32. Bd6
{[%clk 0:06:21]} Rc8 {[%clk 0:08:54]} 33. Bxa6 {[%clk 0:04:49]} Rhh8
{[%clk 0:09:15]} 34. Bxc8 {[%clk 0:04:15]} Rxc8 {[%clk 0:09:39]} 35. Bc5
{[%clk 0:04:05]} Nc4 {[%clk 0:08:46]} 36. Qa4 {[%clk 0:02:23]} Rb8
{[%clk 0:08:58]} 37. b3 {[%clk 0:02:32]} Rb5 {[%clk 0:08:48]} 38. Ra2
{[%clk 0:02:32]} a5 {[%clk 0:01:57]} 39. Ka1 {[%clk 0:02:18]} Ne3
{[%clk 0:00:43]} 40. Re2 {[%clk 0:02:10]} Bg3 {[%clk 0:01:05]} 41. Rxe3
{[%clk 0:02:27]} Bf4 {[%clk 0:01:28]} 42. Rec3 {[%clk 0:02:48]} Bxc1
{[%clk 0:01:50]} 43. Rxc1 {[%clk 0:03:16]} Qb7 {[%clk 0:01:39]} 44. Ka2
{[%clk 0:03:15]} Kb8 {[%clk 0:01:38]} 45. Bd6+ {[%clk 0:03:17]} Kc8
{[%clk 0:02:01]} 46. Rc5 {[%clk 0:03:25]} 1-0

[Event "AsianNationCupW-Standard"]
[Site "Hamedan 2018"]
[Date "2018.07.30"]
[Round "3.3"]
[White "Alinasab, Mobina"]
[Black "Nguyen, Thi Thanh An"]
[Result "1-0"]
[BlackElo "2257"]
[WhiteElo "2281"]
[LiveChessVersion "1.4.8"]

1. e4 {[%clk 1:30:59]} g6 {[%clk 1:30:17]} 2. d4 {[%clk 1:31:23]} Bg7
{[%clk 1:30:40]} 3. Nc3 {[%clk 1:31:49]} d5 {[%clk 1:30:37]} 4. e5
{[%clk 1:31:13]} f6 {[%clk 1:30:46]} 5. f4 {[%clk 1:29:48]} Nh6 {[%clk 1:31:02]}
6. Nf3 {[%clk 1:29:23]} Bg4 {[%clk 1:31:03]} 7. h3 {[%clk 1:25:05]} Bxf3
{[%clk 1:31:08]} 8. Qxf3 {[%clk 1:25:27]} Nf5 {[%clk 1:27:45]} 9. Qxd5
{[%clk 1:08:03]} Nxd4 {[%clk 1:22:55]} 10. exf6 {[%clk 1:06:40]} Bxf6
{[%clk 1:17:46]} 11. Qxd8+ {[%clk 1:05:49]} Kxd8 {[%clk 1:18:13]} 12. Bd3
{[%clk 1:06:12]} Bh4+ {[%clk 1:18:11]} 13. Kd1 {[%clk 1:06:34]} Nbc6
{[%clk 1:15:17]} 14. a3 {[%clk 0:59:34]} Kd7 {[%clk 1:12:45]} 15. Ne4
{[%clk 0:57:35]} Rad8 {[%clk 1:13:13]} 16. g3 Bf6 {[%clk 1:13:35]} 17. Nxf6+
{[%clk 0:53:16]} exf6 18. Ke1 {[%clk 0:47:57]} Kc8 {[%clk 1:11:53]} 19. Be3 Nf5
20. Bxf5+ {[%clk 0:45:51]} gxf5 {[%clk 1:10:41]} 21. Kf2 {[%clk 0:46:04]} h5
{[%clk 1:08:29]} 22. Rad1 {[%clk 0:46:10]} b6 23. Kf3 {[%clk 0:46:29]} Rxd1
{[%clk 1:06:29]} 24. Rxd1 Rh7 25. b4 {[%clk 0:44:49]} a6 {[%clk 1:01:07]} 26. c4
Rd7 {[%clk 0:57:18]} 27. Rd2 {[%clk 0:29:35]} Kd8 28. g4 {[%clk 0:27:34]} Rxd2
{[%clk 0:51:32]} 29. Bxd2 {[%clk 0:27:58]} hxg4+ {[%clk 0:44:15]} 30. hxg4
{[%clk 0:27:48]} Nd4+ {[%clk 0:30:14]} 31. Ke3 Nc2+ {[%clk 0:30:37]} 32. Kd3
{[%clk 0:27:01]} Nxa3 33. Bc1 Nxc4 {[%clk 0:29:57]} 34. Kxc4 {[%clk 0:15:52]}
fxg4 {[%clk 0:18:18]} 35. Kd4 Ke7 36. Ke4 {[%clk 0:13:53]} c5 {[%clk 0:15:30]}
37. bxc5 {[%clk 0:11:01]} bxc5 38. f5 {[%clk 0:10:06]} c4 {[%clk 0:11:19]} 39.
Bb2 {[%clk 0:10:29]} a5 {[%clk 0:01:53]} 40. Kf4 {[%clk 0:10:44]} a4
{[%clk 0:01:54]} 41. Kxg4 Kf7 {[%clk 0:22:48]} 42. Kf4 {[%clk 0:41:04]} Kg7
{[%clk 0:22:57]} 43. Ke4 {[%clk 0:41:25]} a3 44. Bxa3 {[%clk 0:41:25]} Kh6
{[%clk 0:22:01]} 45. Kd5 1-0

[Event "AsianNationCupW-Standard"]
[Site "Hamedan 2018"]
[Date "2018.07.30"]
[Round "3.5"]
[White "Saduakassova, Dinara"]
[Black "Lei, Tingjie"]
[Result "1/2-1/2"]
[BlackElo "2473"]
[WhiteElo "2489"]
[LiveChessVersion "1.4.8"]

1. d4 {[%clk 1:30:44]} Nf6 {[%clk 1:30:10]} 2. c4 {[%clk 1:31:10]} g6
{[%clk 1:30:35]} 3. g3 {[%clk 1:31:30]} c5 {[%clk 1:30:46]} 4. dxc5
{[%clk 1:25:35]} Bg7 {[%clk 1:31:07]} 5. Bg2 {[%clk 1:25:28]} Na6
{[%clk 1:31:28]} 6. Nc3 {[%clk 1:25:15]} Nxc5 {[%clk 1:27:44]} 7. Nh3
{[%clk 1:16:30]} d6 {[%clk 1:27:33]} 8. O-O {[%clk 1:15:14]} O-O 9. Nf4
{[%clk 1:12:04]} Bf5 {[%clk 1:22:32]} 10. Be3 Nfe4 {[%clk 1:19:35]} 11. Nxe4
{[%clk 1:04:01]} Bxe4 12. Bxe4 {[%clk 1:01:10]} Nxe4 {[%clk 1:20:25]} 13. Qd5 Nf6
{[%clk 0:52:56]} 14. Qxb7 {[%clk 0:57:07]} Ng4 {[%clk 0:53:19]} 15. Rab1
{[%clk 0:39:31]} Nxe3 {[%clk 0:43:14]} 16. fxe3 {[%clk 0:39:39]} Qa5
{[%clk 0:43:38]} 17. a3 {[%clk 0:32:43]} e6 {[%clk 0:38:08]} 18. Nd3
{[%clk 0:31:17]} Rab8 {[%clk 0:36:58]} 19. Qf3 {[%clk 0:29:09]} Rb3
{[%clk 0:37:08]} 20. Rfc1 {[%clk 0:25:06]} Qb6 {[%clk 0:31:44]} 21. a4
{[%clk 0:15:07]} Bh6 {[%clk 0:20:34]} 22. c5 {[%clk 0:08:28]} dxc5
{[%clk 0:18:37]} 23. Rc4 {[%clk 0:08:47]} Rd8 {[%clk 0:12:35]} 24. Rf1
{[%clk 0:07:19]} f5 {[%clk 0:08:00]} 25. Kg2 {[%clk 0:05:55]} Bg7
{[%clk 0:03:11]} 26. Rfc1 {[%clk 0:04:13]} Bf8 {[%clk 0:01:55]} 27. R1c2
{[%clk 0:04:08]} Rd5 {[%clk 0:02:12]} 28. e4 {[%clk 0:04:06]} Rd8
{[%clk 0:02:11]} 29. Qf2 {[%clk 0:02:00]} Qb7 {[%clk 0:00:58]} 30. Qf3
{[%clk 0:01:22]} Qb6 {[%clk 0:01:26]} 31. Qf2 {[%clk 0:00:59]} Qb7
{[%clk 0:01:54]} 32. Nxc5 {[%clk 0:00:46]} Bxc5 {[%clk 0:02:16]} 33. Qxc5
{[%clk 0:01:11]} Rxb2 {[%clk 0:01:14]} 34. Rxb2 Qxb2 {[%clk 0:01:40]} 35. Rc2
{[%clk 0:01:05]} Qb7 {[%clk 0:01:29]} 36. Qc6 {[%clk 0:01:09]} Qe7
{[%clk 0:00:34]} 37. Rb2 {[%clk 0:01:15]} Qd7 {[%clk 0:01:00]} 38. Rc2
{[%clk 0:00:45]} Kf7 {[%clk 0:00:47]} 39. exf5 {[%clk 0:00:39]} gxf5
{[%clk 0:01:10]} 40. Qxd7+ {[%clk 0:00:43]} Rxd7 {[%clk 0:01:33]} 41. Rc6
{[%clk 0:00:46]} Kf6 {[%clk 0:00:34]} 42. Ra6 {[%clk 0:30:22]} Ke5
{[%clk 0:30:55]} 43. Kf3 {[%clk 0:30:25]} h5 {[%clk 0:27:19]} 44. Ra5+
{[%clk 0:27:59]} Kf6 {[%clk 0:27:44]} 45. e4 {[%clk 0:26:27]} h4 {[%clk 0:20:04]}
46. exf5 {[%clk 0:21:44]} hxg3 {[%clk 0:19:34]} 47. Kxg3 {[%clk 0:21:02]} exf5
{[%clk 0:20:00]} 48. h4 {[%clk 0:20:46]} Rd3+ {[%clk 0:19:51]} 49. Kf2
{[%clk 0:20:59]} Rh3 {[%clk 0:18:17]} 50. Rxa7 {[%clk 0:21:11]} Ke5 1/2-1/2